000 04386nab a2200277 i 4500
003 BR-BrBNA
005 20241107162827.0
008 241107b2009 bl.qr|pooa||| 00| 0 por |
040 _aBR-BrBNA
_bpor
072 _aF70
100 _aKurtz, Bruno Coutinho
100 _aSá, Cyl Farney Catarino de
100 _aSilva, Daniele Oliveira da
245 _aFitossociologia do componente arbustivo-arbóreo de florestas semidecíduas costeiras da região de Emerenças, Área de Proteção Ambiental do Pau Brasil, Armação Dos Búzios, Rio De Janeiro, Brasil
500 _aPublicação on-line; 35 ref.; 6 illus.; Summaries (En, Pt)
520 _a RESUMO (Fitossociologia do componente arbustivo-arbóreo de florestas semidecíduas costeiras da região de Emerenças, Área de Proteção Ambiental do Pau Brasil, Armação dos Búzios, Rio de Janeiro, Brasil) O município de Armação dos Búzios, RJ, faz parte da região de Cabo Frio, considerada um dos 14 Centros de Diversidade Vegetal do Brasil. Para a caracterização da composição florística e estrutura do componente arbustivoarbóreo (DAP > 5 cm) de florestas sobre maciços litorâneos deste município, foram implantados cinco blocos de cinco parcelas de 10 x 20 m, distribuídos em diferentes encostas (total de 0,5 ha). Foram amostrados 1193 indivíduos, 98 espécies e 36 famílias. Myrtaceae e Fabaceae (20 e 11 espécies) destacaram-se em riqueza e Euphorbiaceae, em número de indivíduos (39% do total). As espécies mais importantes foram Pachystroma longifolium (VI = 31,9), Sebastiania nervosa (30,6), Chrysophyllum lucentifolium (11,3), Machaerium pedicellatum (10,5), Guapira opposita (9,9), Philyra brasiliensis (9,9), Capparis flexuosa (9,1), Lonchocarpus virgilioides (8,2), Syagrus romanzoffiana (7,6) e Acosmium lentiscifolium (7,5). O índice de Shannon (H’) foi de 3,60 nat.ind.-1 e a equabilidade (J’) foi de 0,79. A distribuição espacial das espécies parece estar condicionada às características ecológicas de cada encosta, como resultado de sua orientação. As florestas estudadas apresentaram, em geral, similaridade (Jaccard) muito baixa com outras florestas fluminenses. Palavras-chave: fitossociologia; similaridade de Jaccard; Floresta Atlântica; região de Cabo Frio; Rio de Janeiro
520 _a ABSTRACT (Phytosociology of the shrub-tree layer of semideciduous coastal forests in the Emerenças region, Pau Brasil Environmental Protection Area, Armação dos Búzios, Rio de Janeiro, Brazil) The municipality of Armação dos Búzios, Rio de Janeiro state, is included in the Cabo Frio region, one of the 14 Centres of Plant Diversity in Brazil. Aiming to characterize floristics and structure of the shrub-tree layer (DBH > 5 cm) of forests on coastal hills in this municipality, five sets of five 10 x 20 m plots were established on different slopes (total of 0.5 ha). The survey included 1193 individuals, 98 species and 36 families. Myrtaceae and Fabaceae (20 and 11 species) were the richest families, and Euphorbiaceae was the most abundant, comprising 39% of the individuals. The most important species were Pachystroma longifolium (IV = 31.9), Sebastiania nervosa (30.6), Chrysophyllum lucentifolium (11.3), Machaerium pedicellatum (10.5), Guapira opposita (9.9), Philyra brasiliensis (9.9), Capparis flexuosa (9.1), Lonchocarpus virgilioides (8.2), Syagrus romanzoffiana (7.6) and Acosmium lentiscifolium (7.5). The Shannon index (H’) was 3.60 nat.ind.-1 and the evenness index (J’) was 0.79. Species distribution seems to be influenced by the ecological characteristics of each slope, as a result of its orientation. The forests studied showed, in general, very low Jaccard’s similarity with other forests from Rio de Janeiro. Key words: phytosociology; Jaccard’s similarity; Atlantic forest complex; Cabo Frio region; Rio de Janeiro state.
650 _aFLORESTA ATLÂNTICA
650 _aCABO FRIO
650 _aRIO DE JANEIRO
650 _aCOMPOSIÇÃO BOTÂNICA
773 0 _0709
_9346098
_dRio de Janeiro-RJ Jardim Botanico do Rio de Janeiro 1935
_o2024-6745
_tRodriguésia (Brazil)
_x0370-6583; 2175-7860 on-line
_gv. 60(1) p. 129-146; (2009)
_wBR2024003334
856 _uhttps://www.scielo.br/j/rod/a/kRB96SGyTNL8Gw3FBJjJBdJ/?format=pdf&lang=pt
942 _cANA
999 _c328504
_d328504